000
00286nam a22001217a 4500
020
_a
9788190851299
082
_a
551.48
_b
GUR/ES
100
_a
Gurugnanam
245
_a
Essentials of Hydrogeology
260
_a
New Delhi
_b
New India Publishing Agency
_c
2009
300
_a
268
942
_c
BK
999
_c
13697
_d
13697